| 000 | 00866nam a2200205Ii 4500 | ||
|---|---|---|---|
| 003 | JO-AjNU | ||
| 008 | 230605s9999||||xx |||||||||||||| ||und|| | ||
| 017 | _a2009/9/3882 | ||
| 040 |
_aJO-AjNU _bara _erda _cJO-AjNU |
||
| 041 | _aara | ||
| 050 | 1 | 4 | _aGT6686.J65.A2834 2009 |
| 100 | 3 |
_a أبو حسان، محمد, _eauthor _923096 |
|
| 245 | 0 | 0 | _aتراث البدو القضائي نظريا وعمليا = Bedouin customary law : Theory and practice |
| 264 | 3 | 1 | _aعمان: وزارة الثقافة، 2009 |
| 300 |
_a833ص باللغة العربية /76 باللغة الانجليزية _bيتضمن على ملاحق وخرائط وصور توضيحية |
||
| 336 |
_atext _btxt _2rdacontent |
||
| 337 |
_aunmediated _bn _2rdamedia |
||
| 338 |
_avolume _bnc _2rdacarrier |
||
| 650 | 4 |
_aالقضاء الفبلي- الاردن- البدو- الاردن _923097 |
|
| 999 |
_aA8302 _c11870 _d11870 |
||